គោលនយោបាយ និងយុទ្ធសាស្រ្តក្នុងការអភិវឌ្ឍវិស័យកសិកម្ម (Record no. 9446)

000 -LEADER
fixed length control field 00380nam a22001217a 4500
040 ## - CATALOGING SOURCE
Transcribing agency SK
082 ## - DEWEY DECIMAL CLASSIFICATION NUMBER
Classification number 338
100 ## - MAIN ENTRY--AUTHOR NAME
Personal name គុំ សារ៉ូន
245 ## - TITLE STATEMENT
Title គោលនយោបាយ និងយុទ្ធសាស្រ្តក្នុងការអភិវឌ្ឍវិស័យកសិកម្ម
260 ## - PUBLICATION, DISTRIBUTION, ETC. (IMPRINT)
Place of publication RUA
Name of publisher KOM
Year of publication 2012
300 ## - PHYSICAL DESCRIPTION
Number of Pages 32p.
942 ## - ADDED ENTRY ELEMENTS (KOHA)
Koha item type សៀវភៅភាសាខ្មែរ
952 ## - LOCATION AND ITEM INFORMATION (KOHA)
Withdrawn status [LOCAL, KOHA] 0
952 ## - LOCATION AND ITEM INFORMATION (KOHA)
Withdrawn status [LOCAL, KOHA] 0
Holdings
Permanent Location Date acquired Koha item type Lost status Shelving location Barcode Current Location Full call number
Library Block C2016-09-01សៀវភៅភាសាខ្មែរ C062RUA41953Library Block C338 KUM 2012 C062
Library Block C2016-09-01សៀវភៅភាសាខ្មែរ C195RUA043250Library Block C338 គុំ 2012 C195
មជ្ឈមណ្ឌលឯការនៃសាកលវិទ្យាល័យភូមិន្ទកសិកម្មចំការដូង

Powered by Koha